Neuromusculoskeletal Examination and Assessment. (Record no. 7381)

MARC details
000 -LEADER
fixed length control field 00653nam a22002057a 4500
003 - CONTROL NUMBER IDENTIFIER
control field OSt
005 - DATE AND TIME OF LATEST TRANSACTION
control field 20211025141528.0
008 - FIXED-LENGTH DATA ELEMENTS--GENERAL INFORMATION
fixed length control field 211025b ||||| |||| 00| 0 eng d
020 ## - INTERNATIONAL STANDARD BOOK NUMBER
International Standard Book Number 9788702055041
040 ## - CATALOGING SOURCE
Transcribing agency DDC
082 ## - DEWEY DECIMAL CLASSIFICATION NUMBER
Classification number WE550P456n 2013
100 ## - MAIN ENTRY--PERSONAL NAME
Personal name Petty,Nicola J.; Moore,Ann P.;
9 (RLIN) 15118
245 ## - TITLE STATEMENT
Title Neuromusculoskeletal Examination and Assessment.
Remainder of title A Handbook For Therapists.
Statement of responsibility, etc. Edited by Petty,Nicola J. and Moore,Ann P.;
250 ## - EDITION STATEMENT
Edition statement 3rd Ed.
260 ## - PUBLICATION, DISTRIBUTION, ETC. (IMPRINT)
Place of publication, distribution, etc. London.
Name of publisher, distributor, etc. Churchill Livingstone.
Date of publication, distribution, etc. 2013.
300 ## - PHYSICAL DESCRIPTION
Extent xill,377p;
Other physical details ill;
Dimensions 23cm
504 ## - BIBLIOGRAPHY, ETC. NOTE
Bibliography, etc Includes; References and index.
650 ## - SUBJECT ADDED ENTRY--TOPICAL TERM
Topical term or geographic name as entry element Biology.
9 (RLIN) 5602
942 ## - ADDED ENTRY ELEMENTS (KOHA)
Source of classification or shelving scheme Dewey Decimal Classification
Koha item type Open Shelf
Holdings
Withdrawn status Lost status Source of classification or shelving scheme Damaged status Not for loan Home library Current library Date acquired Source of acquisition Inventory number Total Checkouts Full call number Barcode Date last seen Price effective from Koha item type
    Dewey Decimal Classification     MUST Main Library MUST Main Library 25/10/2021 Purchase 21/41489   WE550P456n 2013 2021-1526 25/10/2021 25/10/2021 Open Shelf
    Dewey Decimal Classification     MUST Main Library MUST Main Library 25/10/2021 Purchase 21/41490   WE550P456n 2013 2021-1527 25/10/2021 25/10/2021 Open Shelf